| 000 | 00840aam a2200313 4500 | ||
|---|---|---|---|
| 008 | 231228s2023 a 1 cat d | ||
| 017 | _aB-2591-2022 | ||
| 020 | _a9788417116545 | ||
| 041 | _acat | ||
| 080 | _a581.9 | ||
| 100 |
_aBenítez Campins, Ester _975461 |
||
| 245 |
_aFlors de muntanya _cEster Benitez, Carles Navarro |
||
| 260 |
_aSant Vicenç de Castellet _bFarell _c2022 |
||
| 300 |
_a63 p. _bil. _c17 cm |
||
| 490 |
_aNatura Essencial; _v6 |
||
| 500 | _aNom científic | ||
| 520 | _a120 | ||
| 546 | _acatalà | ||
| 591 | _a10939 | ||
| 592 | _aObra terminològica | ||
| 593 | _aDF | ||
| 594 | _a10939 | ||
| 650 | 0 |
_abotànica _961048 |
|
| 700 |
_975462 _aNavarro Solsona, Carles |
||
| 830 |
_aNatura Essencial _v6 _974593 |
||
| 942 |
_cMO _n0 _2ddc |
||
| 999 |
_c68813 _d68813 |
||